| Поле | Название | Значение |
| |
Тип записи |
i |
| |
Библиографический уровень |
m |
| 001 |
Контрольный номер |
RU/IS/BASE/503585843 |
| 005 |
Дата корректировки |
20201206205000.2 |
| 010 |
Индекс ISBN |
__ |
| a |
ISBN |
(в кор.) |
| d |
Цена |
149-75 |
| 100 |
Данные общей обработки |
__ |
| a |
Данные общей обработки |
19151216d2006||||||| 0frey0189 ca |
| 101 |
Язык документа |
0_ |
| a |
Язык текста |
fre |
| 102 |
Страна публикации |
__ |
| a |
Страна публикации |
ru| |
| 105 |
Кодированные данные (монография) |
__ |
| a |
Кодированные данные (монография) |
nn|||||||||zy |
| 127 |
Кодированные данные (звукозаписи-физические характеристики) |
__ |
| a |
Продолжительность проигрывания |
04 ч 28 мин |
| 200 |
Заглавие и сведения об ответственности |
1_ |
| a |
Заглавие |
L'aube |
| e |
Сведения, относящиеся к заглавию |
[аудиокнига на французском языке : 12+] |
| f |
Первые сведения об ответственности |
Romain Rolland ; lecture par Patrick Rollin ; [звукорежиссер и корректор А. Кузьмина ; выпускающий редактор Н. Лазарева] |
| b |
Общее обозначение материала |
Звукозапись |
| i |
Наименование части |
Le Matin |
| 200 |
Заглавие и сведения об ответственности |
__ |
| d |
Параллельное заглавие |
Жан-Кристоф |
| 210 |
Выходные данные |
__ |
| a |
Место издания |
Москва |
| c |
Издательство |
АРДИС |
| d |
Дата издания |
2006 |
| 215 |
Физическое описание |
__ |
| a |
Объем |
1 электрон. опт. диск (Audio CD) |
| c |
Иллюстрации/тип воспроизводства |
mp3, mono |
| d |
Формат |
12х14 см |
| 225 |
Серия |
__ |
| a |
Серия |
Литература на иностранных языках |
| 230 |
Специфическая характеристика материала: электронные ресурсы |
__ |
| a |
Обозначение и объем ресурса |
Электронные звуковые данные |
| 300 |
Общие примечания |
__ |
| a |
Общие примечания |
Текст прочитан по изд.: Жан Кристоф : детство и юность : на французском языке/ Ромен Роллан.-Москва : Просвещение, 1967 |
| 300 |
Общие примечания |
__ |
| a |
Общие примечания |
Загл. с этикетки диска |
| 300 |
Общие примечания |
__ |
| a |
Общие примечания |
На французском языке |
| 323 |
Примечание о главных создателях, исполнителях, участниках |
__ |
| a |
Примечание о главных создателях, исполнителях, участниках |
Rollin, P. (lecture par) |
| 327 |
Примечание о содержании |
__ |
| a |
Примечание о содержании |
Жан-Кристоф |
| 330 |
Аннотация |
__ |
| a |
Аннотация |
Ромен Роллан - французский романист и драматург. "Детство" и "Юность" - первые два тома десятитомного романа "Жан-Кристоф" о жизни талантливого немецкого музыканта. Это - роман-история духовной борьбы, муки и радости творчества, формирования высокоодаренного композитора. Не только судьба сына скрипача и кухарки дана Ролланом в эпопее "Жан-Кристоф", но и широкая социальная панорама Европы XIX века. "Детство" и "Юность", тонко проникая в психологию молодого человека, повествуют о нежных годах композитора, о радостях и тревогах первой страсти. Именно из этих двух томов можно почерпнуть, как сформировалась личность бунтаря-одиночки Жана-Кристофа, человека "с чистыми глазами и сердцем". Текст читает профессиональный французский режиссер Патрик Роллен. |
| 333 |
Примечание о целевом назначении |
__ |
| a |
Примечание о целевом назначении |
12+. Для детей старше 12 лет |
| 337 |
Примечание о системных требованиях (электронные ресурсы) |
__ |
| a |
Примечание о системных требованиях (электронные ресурсы) |
Системные требования: MS Windows ; Pentium 100 ; RAM 16 Mb; CD-ROM; SVGA 800x600; звуковая карта; аудиосистемы с поддержкой MP3 |
| 461 |
Уровень набора |
__ |
| 1 |
|
2001 |
| a |
|
Jean-Christophe |
| 606 |
Тематические рубрики |
__ |
| a |
Основная рубрика |
Художественная литература |
| 606 |
Тематические рубрики |
__ |
| a |
Основная рубрика |
Литература Европы (произведения) |
| y |
Географическая подрубрика |
Франция |
| 610 |
Ключевые слова |
__ |
| a |
Ключевые слова |
зарубежная литература |
| a |
Ключевые слова |
романы |
| a |
Ключевые слова |
тема духовных исканий |
| a |
Ключевые слова |
тема музыкантов |
| a |
Ключевые слова |
тема психологии |
| a |
Ключевые слова |
тема творчества |
| a |
Ключевые слова |
французская литература |
| a |
Ключевые слова |
французский язык |
| 686 |
Индексы других классификаций |
__ |
| 2 |
Код системы |
rubbks |
| a |
Классификационный индекс |
84(4Фра)6-4я04 |
| 700 |
Автор |
_1 |
| a |
Фамилия |
Rolland |
| b |
Имя |
R. |
| f |
Даты |
1866-1944 |
| g |
Полное личное имя |
Romain |
| 4 |
Код отношения |
070 |
| 702 |
Вторичная интеллектуальная ответственность |
_1 |
| a |
Фамилия |
Кузьмина |
| b |
Имя |
А. |
| 4 |
Код отношения |
Звукорежиссер |
| 4 |
Код отношения |
570 |
| 702 |
Вторичная интеллектуальная ответственность |
_1 |
| a |
Фамилия |
Лазарева |
| b |
Имя |
Н. |
| 4 |
Код отношения |
Редактор |
| 4 |
Код отношения |
340 |
| 790 |
Имя лица - альтернативная форма |
__ |
| a |
Имя лица - альтернативная форма |
Роллан, Р. |
| 801 |
Источник записи |
_0 |
| a |
Страна |
ru |
| b |
Организация |
Муниципальное бюджетное учреждение культуры "Централизованная библиотечная система" г. Сургут (Центральная городская библиотека им. А. С. Пушкина) |
| c |
Дата составления |
20151216 |
| g |
Правила каталогизации |
КиК/Апакова |
| 801 |
Источник записи |
_1 |
| a |
Страна |
ru |
| b |
Организация |
Муниципальное бюджетное учреждение культуры "Централизованная библиотечная система" г. Сургут (Центральная городская библиотека им. А. С. Пушкина) |
| c |
Дата составления |
20151216 |
| g |
Правила каталогизации |
КиК/Апакова |
| 852 |
Данные о местонахождении |
__ |
| j |
Шифр хранения |
84(4Фра)6-4я04 |
| i |
Авторский знак |
R 74 |
| 901 |
Тип документа |
__ |
| t |
Тип документа |
0 |
| 903 |
Характеристики (МАРС) |
__ |
| a |
Дата передачи |
20151216 |
| 969 |
Тип издания |
__ |
| a |
Тип издания |
аудиокнига; издание для слепых |
| 990 |
Данные о заказе (DOS) |
__ |
| j |
Количество экземпляров (DOS) |
1 |
| t |
N записи в КСУ для И/У (DOS) |
201601 |